[Event "Sparkassen-Open B"]
[Site "Heusenstamm, Martinsee"]
[Date "2018.11.24"]
[Round "5.56"]
[White "Tobias, Christian"]
[Black "Döll-Hentschker, Susanne"]
[Result "1/2-1/2"]
[WhiteElo "1416"]
[BlackElo "1148"]
[PlyCount "110"]
[EventDate "2018.??.??"]
[WhiteTeam "SV Oberursel"]
[BlackTeam "VSG Offenbach"]

1. e4 d5 2. exd5 Qxd5 3. Nc3 Qd6 4. d4 c6 5. Nf3 Nf6 6. Bc4 Bf5 7. O-O e6 8.
Bg5 Be7 9. h3 h6 10. Bh4 O-O 11. Bd3 Bxd3 12. Qxd3 Re8 13. Rfe1 Nbd7 14. a3 Nf8
15. Rad1 a5 16. Ne4 Nxe4 17. Rxe4 Bxh4 18. Rxh4 Ng6 19. Rg4 Qf8 20. h4 Ne7 21.
Ne5 f5 22. Rg3 Rad8 23. Qd2 Kh7 24. Qxa5 Qf6 25. Nf3 Rd5 26. Qd2 Rg8 27. c4 Rd7
28. b4 b6 29. a4 Ra8 30. Qc2 g6 31. c5 b5 32. axb5 cxb5 33. Qb2 Rd5 34. Ne5 Rc8
35. Ra3 h5 36. Ra5 Rb8 37. c6 Rc8 38. Nd7 Qxh4 39. Nb6 Nxc6 40. Ra3 Rcd8 41.
Nxd5 Rxd5 42. Rad3 f4 43. f3 Qf6 44. Qc3 Ne7 45. Ra1 g5 46. Rd2 Nf5 47. Ra7+
Kg6 48. Qc7 Ng7 49. Rb7 Rxd4 50. Rxd4 Qxd4+ 51. Kh2 g4 52. Rxb5 g3+ 53. Kh3 Qg1
54. Rg5+ Kxg5 55. Qxg7+ Kf5 1/2-1/2

[Event "Sparkassen-Open B"]
[Site "Heusenstamm, Martinsee"]
[Date "2018.11.24"]
[Round "5.57"]
[White "Werner, Florin"]
[Black "Al-Butmeh, Firas"]
[Result "1-0"]
[WhiteElo "1234"]
[BlackElo "1401"]
[PlyCount "67"]
[EventDate "2018.??.??"]
[WhiteTeam "VSG Offenbach"]
[BlackTeam "SV Lahn Limburg"]

1. e4 c5 2. c3 g6 3. d4 cxd4 4. cxd4 Bg7 5. Nf3 Nc6 6. Bc4 e6 7. Nc3 a6 8. d5
Na5 9. Bb3 e5 10. d6 b5 11. Bxf7+ Kf8 12. Bxg8 Rxg8 13. Nd5 h6 14. Ne7 Bb7 15.
Nxg8 Kxg8 16. Qd3 Rc8 17. b3 Rc6 18. Qd5+ Kh7 19. Qd2 g5 20. h4 g4 21. Nxe5 Rc5
22. Nd3 Bc3 23. Nxc5 Bxd2+ 24. Bxd2 Ba8 25. e5 Nc6 26. Bc3 Nxe5 27. Bxe5 Qe8
28. Nd3 Bb7 29. O-O Be4 30. Rfe1 Bxd3 31. Bd4 Be4 32. Rad1 Qc8 33. Rd2 Bc6 34.
h5 1-0

[Event "Sparkassen-Open B"]
[Site "Heusenstamm, Martinsee"]
[Date "2018.11.24"]
[Round "5.58"]
[White "Tobias, Karolin"]
[Black "Homfeldt, Maren"]
[Result "1-0"]
[WhiteElo "924"]
[BlackElo "1211"]
[PlyCount "120"]
[EventDate "2018.??.??"]
[WhiteTeam "SV Oberursel"]
[BlackTeam "SC Noris-Tarrasch Nürnberg"]

1. e4 d6 2. d4 Nd7 3. Nf3 b6 4. Bb5 a6 5. Bc4 Bb7 6. Nc3 b5 7. Bd5 Bxd5 8. exd5
e6 9. dxe6 fxe6 10. O-O h6 11. Re1 Qf6 12. d5 e5 13. Ne4 Qg6 14. Ng3 Be7 15.
Qd2 O-O-O 16. Qa5 Kb7 17. b3 Qxc2 18. Nd2 Nc5 19. a4 Nxb3 20. Nxb3 Qxb3 21.
axb5 Qxb5 22. Qxb5+ axb5 23. Be3 Ra8 24. Rab1 Ra5 25. Bd2 Kb6 26. Bxa5+ Kxa5
27. Ne4 Nf6 28. Nc3 Rb8 29. Rb2 Nd7 30. Reb1 b4 31. Ra1+ Kb6 32. Rxb4+ Kc5 33.
Rba4 Rb4 34. Ra5+ Kc4 35. Rc1 Bg5 36. Rc2 Kd3 37. Raa2 Re4 38. Nxe4 Kxe4 39.
Rxc7 Nc5 40. Rxg7 Kxd5 41. Ra1 e4 42. Rg6 e3 43. Kf1 exf2 44. Kxf2 Nd3+ 45. Kf1
Nf4 46. Rd1+ Ke5 47. Rgxd6 h5 48. g3 Be7 49. gxf4+ Kf5 50. R6d5+ Kxf4 51. Rxh5
Kg4 52. Rh7 Bg5 53. h3+ Kg3 54. Rd3+ Kh2 55. h4 Bf4 56. Kf2 Be5 57. h5 Bf4 58.
Rf7 Bh6 59. Rff3 Be3+ 60. Rdxe3 Kh1 1-0

[Event "Sparkassen-Open B"]
[Site "Heusenstamm, Martinsee"]
[Date "2018.11.24"]
[Round "5.59"]
[White "Hegmann, Kolja"]
[Black "Miranda Martin, Pablo Mateo"]
[Result "1/2-1/2"]
[WhiteElo "1614"]
[BlackElo "1736"]
[PlyCount "150"]
[EventDate "2018.??.??"]
[WhiteTeam "TuS Makkabi"]
[BlackTeam "SV Walldorf"]

1. e4 c6 2. d4 d5 3. exd5 cxd5 4. Nf3 Bf5 5. c4 e6 6. Nc3 Bb4 7. Ne5 Ne7 8.
cxd5 exd5 9. Bb5+ Nbc6 10. Qf3 O-O 11. Bxc6 Be4 12. Qg3 Nxc6 13. Nxc6 bxc6 14.
O-O Bxc3 15. bxc3 Qf6 16. f3 Bg6 17. Ba3 Rfe8 18. Bd6 Re6 19. Be5 Qe7 20. f4 f6
21. f5 Bxf5 22. Rxf5 fxe5 23. dxe5 Re8 24. Re1 Qc5+ 25. Kh1 d4 26. cxd4 Qxd4
27. Rg5 R8e7 28. Rf5 c5 29. Qb3 Qb4 30. Qd1 c4 31. Ref1 Re8 32. Qd7 Qe7 33. Qd5
c3 34. Qc4 h6 35. Qxc3 Rxe5 36. h3 Qe6 37. Qf3 Rxf5 38. Qxf5 Qxf5 39. Rxf5 Re6
40. Ra5 a6 41. g4 Kf7 42. Kg2 Ke7 43. Kf3 Kd7 44. Kf4 Rc6 45. h4 Kc7 46. g5 Kb6
47. Ra3 Rc4+ 48. Kg3 h5 49. Re3 g6 50. Re6+ Rc6 51. Rf6 Kc5 52. Kf4 Rd6 53. Ke4
Rd4+ 54. Kf3 Rxh4 55. Rxa6 Rg4 56. Rxg6 Kd5 57. Ra6 Ke5 58. Ra5+ Ke6 59. a4 Kf7
60. Ra7+ Ke8 61. Ra8+ Kd7 62. Ra5 Kc7 63. g6 Rxg6 64. Rxh5 Ra6 65. a5 Rc6 66.
Ke4 Kb8 67. Kd5 Rc8 68. Rh7 Ka8 69. Rh6 Ka7 70. Rb6 Ka8 71. Rh6 Rg8 72. Kc6 Rf8
73. Kb6 Rg8 74. a6 Rf8 75. a7 Rf6+ 1/2-1/2

[Event "Sparkassen-Open B"]
[Site "Heusenstamm, Martinsee"]
[Date "2018.11.24"]
[Round "5.60"]
[White "Klein, Simon"]
[Black "Gräf, Roman Konrad"]
[Result "1-0"]
[WhiteElo "1377"]
[BlackElo "1171"]
[PlyCount "79"]
[EventDate "2018.??.??"]
[WhiteTeam "SK Hungen"]
[BlackTeam "SV Frankfurt Nord"]

1. d4 d6 2. Nf3 g6 3. Nc3 Bg7 4. e4 e6 5. Bf4 h6 6. h4 Nd7 7. Qd2 e5 8. dxe5
dxe5 9. Be3 b6 10. Bb5 Bb7 11. O-O-O Ngf6 12. Nxe5 Nxe4 13. Bxd7+ Kf8 14. Nxe4
Bxe4 15. f3 Bb7 16. Nc6 Qf6 17. Bd4 Qd6 18. Bxg7+ Kxg7 19. Qxd6 cxd6 20. Rxd6
Raf8 21. Re1 Bxc6 22. Rxc6 Rd8 23. Rc7 a6 24. Be6 Rhe8 25. Rxf7+ Kh8 26. Re4
Rd6 27. Bc4 Rxe4 28. fxe4 Rd4 29. Bd3 Kg8 30. Rf6 Rd8 31. e5 Re8 32. Rxg6+ Kf7
33. e6+ Kf8 34. Rxh6 Re7 35. Rf6+ Ke8 36. h5 Rg7 37. Be4 Ke7 38. Rf7+ Rxf7 39.
exf7 Kxf7 40. h6 1-0

[Event "Sparkassen-Open B"]
[Site "Heusenstamm, Martinsee"]
[Date "2018.11.24"]
[Round "5.61"]
[White "Krieger, Roy"]
[Black "Tobias, Franziska Ylvi"]
[Result "1-0"]
[WhiteElo "1312"]
[BlackElo "797"]
[PlyCount "53"]
[EventDate "2018.??.??"]
[WhiteTeam "Muldental Wilkau-Haßlau"]
[BlackTeam "SV Oberursel"]

1. d4 d5 2. Nf3 Nf6 3. Bf4 e6 4. e3 Bd6 5. Bxd6 cxd6 6. Nbd2 O-O 7. c4 Qa5 8.
Be2 Ne4 9. O-O Qd8 10. Qc2 Ng5 11. Rac1 Nxf3+ 12. Nxf3 Nc6 13. a3 e5 14. cxd5
Ne7 15. Ng5 g6 16. dxe5 dxe5 17. Rfd1 b6 18. d6 Nf5 19. Ne4 Nh4 20. d7 Bxd7 21.
Bb5 Qe7 22. Rxd7 Qe6 23. h3 f5 24. Bc4 Qxc4 25. Qxc4+ Kh8 26. Ng5 Rae8 27.
Rxh7# 1-0

[Event "Sparkassen-Open B"]
[Site "Heusenstamm, Martinsee"]
[Date "2018.11.25"]
[Round "6.1"]
[White "Füssel, Jan Michael"]
[Black "Björknes, Uwe"]
[Result "1/2-1/2"]
[WhiteElo "1766"]
[BlackElo "1740"]
[PlyCount "39"]
[EventDate "2018.??.??"]
[WhiteTeam "VSG Offenbach"]
[BlackTeam "SK Bad Homburg"]

1. b3 d5 2. Bb2 Nf6 3. e3 Bf5 4. Nf3 e6 5. Be2 c5 6. c4 Be7 7. O-O O-O 8. d4
cxd4 9. Nxd4 Bg6 10. Nc3 Nc6 11. cxd5 Nxd5 12. Nxc6 bxc6 13. Na4 Qa5 14. Bf3
Rfd8 15. Qc1 Rac8 16. Rd1 c5 17. e4 Nb6 18. Rxd8+ Rxd8 19. Nxb6 axb6 20. Qc3
1/2-1/2

[Event "Sparkassen-Open B"]
[Site "Heusenstamm, Martinsee"]
[Date "2018.11.25"]
[Round "6.2"]
[White "Wirtjes, Edzard"]
[Black "Jagadeesh, Balakrishnan"]
[Result "1/2-1/2"]
[WhiteElo "1705"]
[BlackElo "1657"]
[PlyCount "66"]
[EventDate "2018.??.??"]
[WhiteTeam "VfR Heisfelde"]
[BlackTeam "Singapore"]
[BlackTeamCountry "SIN"]

1. c4 g6 2. Nc3 Bg7 3. g3 Nf6 4. Bg2 O-O 5. Nf3 c5 6. O-O Nc6 7. d3 d6 8. Bd2
Bd7 9. Rb1 Rb8 10. a3 a5 11. Na2 Re8 12. b4 axb4 13. axb4 cxb4 14. Nxb4 Nxb4
15. Bxb4 Bc6 16. Bc3 b5 17. cxb5 Rxb5 18. Rxb5 Bxb5 19. Qb3 Bc6 20. Ng5 d5 21.
Rb1 e6 22. Qb6 Qxb6 23. Rxb6 Ba8 24. Rb1 Rc8 25. Be5 h6 26. Nf3 Nd7 27. Bxg7
Kxg7 28. d4 Rc2 29. e3 g5 30. Bf1 g4 31. Ne1 Ra2 32. Nd3 Nf6 33. Nc5 Ne4
1/2-1/2

[Event "Sparkassen-Open B"]
[Site "Heusenstamm, Martinsee"]
[Date "2018.11.25"]
[Round "6.3"]
[White "Haftmann, Rainer"]
[Black "Lohia, Sohum"]
[Result "1-0"]
[WhiteElo "1693"]
[BlackElo "1562"]
[PlyCount "81"]
[EventDate "2018.??.??"]
[WhiteTeam "SG Dietzenbach"]
[BlackTeam "Wetherby"]

1. e4 c5 2. Nf3 Nc6 3. d4 cxd4 4. Nxd4 g6 5. Nc3 Bg7 6. Be3 Nf6 7. f3 O-O 8.
Qd2 d5 9. exd5 Nxd5 10. Nxc6 bxc6 11. Nxd5 cxd5 12. c3 e5 13. Rd1 Be6 14. Bc5
Re8 15. Bb5 Bd7 16. Bxd7 Qxd7 17. Qxd5 Qxd5 18. Rxd5 Rad8 19. Rxd8 Rxd8 20. Ke2
a6 21. Rd1 Rxd1 22. Kxd1 f5 23. Kc2 Kf7 24. b4 Ke6 25. c4 e4 26. fxe4 fxe4 27.
Be3 Kd6 28. a4 Kc6 29. Kb3 Kb7 30. b5 axb5 31. cxb5 Kc7 32. Kc4 Kd6 33. a5 Kc7
34. Kd5 Kb7 35. a6+ Kc7 36. Kxe4 Bc3 37. Kd5 Ba5 38. Bc5 h5 39. Ke6 g5 40. Be3
g4 41. Kf5 1-0

[Event "Sparkassen-Open B"]
[Site "Heusenstamm, Martinsee"]
[Date "2018.11.25"]
[Round "6.4"]
[White "Lasschuit, Rene"]
[Black "Bigott, Martin"]
[Result "1/2-1/2"]
[WhiteElo "1738"]
[BlackElo "1752"]
[PlyCount "77"]
[EventDate "2018.??.??"]
[WhiteTeam "SV Berolina Mitte"]
[BlackTeam "SF Lohmar"]

1. d4 d5 2. Nf3 Nf6 3. c4 e6 4. Nc3 c6 5. e3 Be7 6. Bd3 O-O 7. O-O b6 8. cxd5
cxd5 9. Bd2 Bb7 10. Rc1 Ne4 11. Qc2 f5 12. Ne5 Nxd2 13. Qxd2 Nd7 14. f4 Nxe5
15. fxe5 a6 16. a3 b5 17. Na2 Qd7 18. b4 Rac8 19. Rxc8 Rxc8 20. Rc1 Qd8 21. Rc3
Rxc3 22. Qxc3 Qc8 23. Qxc8+ Bxc8 24. Nc1 Bg5 25. Kf2 f4 26. exf4 Bxf4 27. Nb3
g6 28. g3 Bg5 29. Kf3 Kf7 30. Kg4 Be3 31. Kf3 Bh6 32. Kg4 Bf8 33. Kf3 h5 34. h3
Kg7 35. Ke3 Kh6 36. Kf4 Be7 37. Ke3 Bg5+ 38. Kf3 Kg7 39. Bc2 1/2-1/2

[Event "Sparkassen-Open B"]
[Site "Heusenstamm, Martinsee"]
[Date "2018.11.25"]
[Round "6.5"]
[White "Kosak, Matjaz"]
[Black "Zerhusen, Martin"]
[Result "1/2-1/2"]
[WhiteElo "1786"]
[BlackElo "1711"]
[PlyCount "137"]
[EventDate "2018.??.??"]
[WhiteTeam "SV Frankfurt Nord"]
[BlackTeam "SV Oberursel"]

1. e4 c5 2. Nc3 d6 3. f4 Nc6 4. Nf3 a6 5. Bc4 g6 6. d3 Bg7 7. O-O Bd7 8. Qe1 b5
9. Bd5 e6 10. Bxc6 Bxc6 11. f5 gxf5 12. exf5 e5 13. Qg3 Bf6 14. Ne4 Bxe4 15.
dxe4 h6 16. Be3 Qc7 17. Rfd1 O-O-O 18. a4 b4 19. c4 Ne7 20. Rd3 Nc6 21. h4 a5
22. Kh1 Qe7 23. Qf2 Nd4 24. Bxd4 exd4 25. g4 Qxe4 26. Rd2 Qxg4 27. Nh2 Qe4+ 28.
Qf3 Rde8 29. h5 Rhg8 30. Rg2 Rxg2 31. Kxg2 Rg8+ 32. Kf1 Qxf3+ 33. Nxf3 Rg3 34.
Kf2 Rh3 35. Rg1 Rxh5 36. Rg8+ Kb7 37. Rf8 Rxf5 38. Rxf7+ Kc6 39. Ra7 Kb6 40.
Rd7 Be5 41. b3 Rf6 42. Rh7 Bf4 43. Re7 d3 44. Re1 d2 45. Rd1 Kc6 46. Ke2 Re6+
47. Kf2 Re4 48. Nxd2 Bxd2 49. Rxd2 Rd4 50. Rb2 Rd3 51. Ke1 d5 52. Rh2 Re3+ 53.
Kd2 Re6 54. cxd5+ Kxd5 55. Kd3 Rg6 56. Rh5+ Kc6 57. Kc4 Kb6 58. Kd3 Rg3+ 59.
Kc2 Rg6 60. Kd3 Rd6+ 61. Kc2 Kc7 62. Rf5 Kd7 63. Rh5 Rc6 64. Kd3 Kc7 65. Kc4
Kb6 66. Rd5 Rg6 67. Rh5 Rg4+ 68. Kd3 Rg6 69. Kc2 1/2-1/2

[Event "Sparkassen-Open B"]
[Site "Heusenstamm, Martinsee"]
[Date "2018.11.25"]
[Round "6.6"]
[White "Floren, Dieter"]
[Black "Kirchmann, Sascha"]
[Result "1/2-1/2"]
[WhiteElo "1715"]
[BlackElo "1774"]
[PlyCount "54"]
[EventDate "2018.??.??"]
[WhiteTeam "Hamburger SK"]
[BlackTeam "SC Obertshausen"]

1. e4 Nf6 2. Nc3 d5 3. e5 d4 4. exf6 dxc3 5. bxc3 exf6 6. d4 Bd6 7. Bd3 O-O 8.
Qh5 g6 9. Qf3 Re8+ 10. Ne2 Nc6 11. O-O Be6 12. Bf4 Bxf4 13. Nxf4 Bd7 14. Rfe1
Kg7 15. Kf1 Rc8 16. Rxe8 Bxe8 17. h4 Qd6 18. a4 Bd7 19. Re1 Re8 20. Rxe8 Bxe8
21. Kg1 Bd7 22. Bb5 a6 23. Bc4 Nd8 24. Bb3 c6 25. Qe3 Ne6 26. Nxe6+ Bxe6 27. c4
Kf8 1/2-1/2

[Event "Sparkassen-Open B"]
[Site "Heusenstamm, Martinsee"]
[Date "2018.11.25"]
[Round "6.7"]
[White "Werner, Tom"]
[Black "Wohlrabe, Jörg"]
[Result "1-0"]
[WhiteElo "1693"]
[BlackElo "1772"]
[PlyCount "51"]
[EventDate "2018.??.??"]
[WhiteTeam "VSG Offenbach"]
[BlackTeam "SV Gifhorn"]

1. c4 e6 2. Nc3 b6 3. Nf3 Bb7 4. e4 Bb4 5. d3 Bxc3+ 6. bxc3 d5 7. cxd5 exd5 8.
e5 Ne7 9. d4 Nd7 10. Bd3 a5 11. Qe2 Nf8 12. O-O Ne6 13. Ng5 Nxg5 14. Bxg5 Qc8
15. f4 h6 16. Bxe7 Kxe7 17. f5 Kf8 18. Rae1 Ba6 19. Bxa6 Qxa6 20. Qh5 c5 21. e6
Ra7 22. f6 g5 23. Qg4 cxd4 24. Re5 dxc3 25. e7+ Ke8 26. Rxd5 1-0

[Event "Sparkassen-Open B"]
[Site "Heusenstamm, Martinsee"]
[Date "2018.11.25"]
[Round "6.8"]
[White "Hofmann, Werner"]
[Black "Draxler, Gottfried"]
[Result "1-0"]
[WhiteElo "1685"]
[BlackElo "1767"]
[PlyCount "46"]
[EventDate "2018.??.??"]
[WhiteTeam "SV Kelsterbach"]
[BlackTeam "SF Neuberg"]

1. d4 d5 2. Bf4 Nf6 3. e3 Bf5 4. c4 c6 5. Qb3 b6 6. Nc3 e6 7. Nf3 Nbd7 8. Be2
Be7 9. Ne5 Nxe5 10. Bxe5 O-O 11. h4 h6 12. Qd1 Bd6 13. Bxd6 Qxd6 14. g4 Be4 15.
Rh3 g5 16. hxg5 hxg5 17. f3 Bg6 18. Bd3 Kg7 19. Bxg6 fxg6 20. cxd5 exd5 21. Qe2
Rh8 22. Rxh8 Qg3+ 23. Qf2 Rxh8 1-0

[Event "Sparkassen-Open B"]
[Site "Heusenstamm, Martinsee"]
[Date "2018.11.25"]
[Round "6.10"]
[White "Schwenk, Stefan"]
[Black "Westhof, Benedikt"]
[Result "1-0"]
[WhiteElo "1755"]
[BlackElo "1691"]
[PlyCount "111"]
[EventDate "2018.??.??"]
[WhiteTeam "SK Geisenheim"]
[BlackTeam "SC Heusenstamm"]

1. c4 e5 2. g3 Nf6 3. Bg2 d5 4. cxd5 Nxd5 5. Nc3 Nb6 6. e3 Nc6 7. a3 Be7 8.
Nge2 O-O 9. O-O Be6 10. d3 Qd7 11. Qc2 Bh3 12. Rd1 Bxg2 13. Kxg2 Qf5 14. b4 a6
15. Bb2 Rfd8 16. Rac1 Rd7 17. Ne4 Rad8 18. Nc5 Bxc5 19. bxc5 Nc8 20. d4 Qxc2
21. Rxc2 N8e7 22. Rcd2 Na5 23. Rc2 b5 24. cxb6 cxb6 25. Rb1 b5 26. Bc3 Nc4 27.
Bb4 Nc6 28. Bc5 exd4 29. Nxd4 Nxd4 30. exd4 Rd5 31. Ra2 Nd6 32. a4 Ne4 33. Rc2
Nxc5 34. dxc5 Rc8 35. axb5 axb5 36. Rxb5 Kf8 37. Kf3 Ke7 38. Ke4 Rh5 39. h4 Rc6
40. Rb7+ Ke6 41. Rb6 Rxb6 42. cxb6 Rb5 43. Rc6+ Kd7 44. Rc7+ Ke6 45. b7 Rb4+
46. Kd3 h5 47. Kc3 Rb1 48. Kd4 g6 49. Kc5 f6 50. Rg7 g5 51. Kc6 Rc1+ 52. Kb6
Rb1+ 53. Kc7 Rc1+ 54. Kd8 Rd1+ 55. Kc8 Rc1+ 56. Rc7 1-0

[Event "Sparkassen-Open B"]
[Site "Heusenstamm, Martinsee"]
[Date "2018.11.25"]
[Round "6.11"]
[White "Burow, Roger"]
[Black "Becker, Ralph"]
[Result "0-1"]
[WhiteElo "1675"]
[BlackElo "1745"]
[PlyCount "58"]
[EventDate "2018.??.??"]
[WhiteTeam "SV Kelsterbach"]
[BlackTeam "SC Paimar"]

1. e4 c5 2. d4 cxd4 3. c3 d3 4. Nf3 d6 5. Bxd3 Nc6 6. O-O g6 7. h3 Bg7 8. Re1
Qc7 9. Be3 Nf6 10. Nbd2 h6 11. Qc2 e5 12. Nf1 O-O 13. N3d2 Be6 14. f4 exf4 15.
Bxf4 Ne5 16. Be2 Rac8 17. Be3 b6 18. a3 Rfd8 19. Ng3 Nfd7 20. Rf1 Nc4 21. Bf2
Nxd2 22. Qxd2 Nc5 23. Bxc5 dxc5 24. Qc2 Qxg3 25. Rf3 Qg5 26. Rd1 Rxd1+ 27. Qxd1
Rd8 28. Rd3 Rxd3 29. Qxd3 Qc1+ 0-1

[Event "Sparkassen-Open B"]
[Site "Heusenstamm, Martinsee"]
[Date "2018.11.25"]
[Round "6.12"]
[White "John, Volkmar"]
[Black "Hoppstädter, Daniel"]
[Result "1/2-1/2"]
[WhiteElo "1737"]
[BlackElo "1274"]
[PlyCount "98"]
[EventDate "2018.??.??"]
[WhiteTeam "SK Herborn"]
[BlackTeam "Kirkel"]

1. Nf3 e6 2. c4 Nf6 3. g3 d5 4. Bg2 c6 5. O-O Nbd7 6. b3 Bd6 7. Bb2 O-O 8. d3
e5 9. cxd5 cxd5 10. Nbd2 b6 11. Rc1 Bb7 12. Rc2 Rc8 13. Rxc8 Qxc8 14. Qa1 Qb8
15. Rc1 Rc8 16. e4 Rxc1+ 17. Qxc1 d4 18. Nc4 Nc5 19. Qc2 Nfd7 20. Nxd6 Qxd6 21.
b4 Ne6 22. a3 a5 23. bxa5 bxa5 24. Nd2 Nec5 25. Nc4 Qc7 26. Bc1 Nxd3 27. Qxd3
Ba6 28. Bf1 Nb6 29. Qb1 Bxc4 30. Bg2 h6 31. Bd2 Nd7 32. Qc1 Qc5 33. a4 Bb3 34.
Qxc5 Nxc5 35. Bxa5 Bxa4 36. Kf1 Bc2 37. f3 Nb3 38. Bb4 f6 39. Ke1 g6 40. Bf1 d3
41. Bh3 Kf7 42. Bd7 Nd4 43. Kf2 f5 44. exf5 gxf5 45. Bc3 Ke7 46. Bc8 Kd6 47.
Ke3 Kc5 48. Bxd4+ exd4+ 49. Kd2 f4 1/2-1/2

[Event "Sparkassen-Open B"]
[Site "Heusenstamm, Martinsee"]
[Date "2018.11.25"]
[Round "6.13"]
[White "Buchholz, Maja"]
[Black "Hegel, Jonas"]
[Result "0-1"]
[WhiteElo "1327"]
[BlackElo "1741"]
[PlyCount "166"]
[EventDate "2018.??.??"]
[WhiteTeam "SK Langen"]
[BlackTeam "SC Peiting"]

1. c4 Nf6 2. Nf3 Nc6 3. g3 e5 4. d3 Bc5 5. Bg2 O-O 6. O-O d6 7. Nc3 Bg4 8. Rb1
Re8 9. a3 a5 10. b3 Rb8 11. Bb2 Qe7 12. Re1 h6 13. Qd2 Qd7 14. Nb5 e4 15. d4
exf3 16. exf3 Bf5 17. dxc5 Bxb1 18. Rxb1 dxc5 19. Qxd7 Nxd7 20. Nxc7 Re2 21. f4
Nb6 22. Nd5 Nxd5 23. cxd5 Nd4 24. b4 axb4 25. axb4 b6 26. Bc3 Rc2 27. Ba1 Re8
28. bxc5 bxc5 29. Rd1 g6 30. Bf1 Nf3+ 31. Kg2 Re1 32. Rxe1 Nxe1+ 33. Kg1 Rd2
34. Bc3 Rd1 35. d6 Nc2 36. Be5 Nd4 37. Kg2 Nf5 38. Be2 Rd2 39. Kf3 Nd4+ 40. Ke3
Rxe2+ 41. Kd3 Rxe5 42. fxe5 Ne6 43. f4 f6 44. Ke4 Kf7 45. Kd5 fxe5 46. fxe5 Nd8
47. Kxc5 Ke6 48. Kb6 Kxe5 49. Kc7 Ne6+ 50. Kd7 h5 51. h3 g5 52. g4 hxg4 53.
hxg4 Nc5+ 54. Kc6 Ne6 55. Kd7 Kd5 56. Ke7 Ke5 57. Kf7 Kxd6 58. Kf6 Kd5 59. Kf5
Kd4 60. Kxe6 Ke4 61. Kd6 Kf4 62. Kd5 Kxg4 63. Ke4 Kg3 64. Ke3 Kg2 65. Ke2 g4
66. Ke1 g3 67. Ke2 Kh2 68. Ke3 g2 69. Ke4 g1=Q 70. Kd5 Qe3 71. Kc4 Qd2 72. Kc5
Kg3 73. Kc4 Kf4 74. Kc5 Ke5 75. Kc4 Qd4+ 76. Kb5 Qc3 77. Kb6 Kd6 78. Kb5 Qc5+
79. Ka4 Qb6 80. Ka3 Kc5 81. Ka2 Kc4 82. Ka1 Kc3 83. Ka2 Qb2# 0-1

[Event "Sparkassen-Open B"]
[Site "Heusenstamm, Martinsee"]
[Date "2018.11.25"]
[Round "6.14"]
[White "König, Frank"]
[Black "Michel, Carsten"]
[Result "1-0"]
[WhiteElo "1719"]
[BlackElo "1653"]
[PlyCount "35"]
[EventDate "2018.??.??"]
[WhiteTeam "SV Steinhausen"]
[BlackTeam "SC Flörsheim"]

1. d4 Nf6 2. Nf3 e6 3. e3 b6 4. Bd3 Bb7 5. Nbd2 d5 6. Ne5 Bd6 7. f4 O-O 8. O-O
Nfd7 9. Qh5 f5 10. Ndf3 Nf6 11. Qh3 Qe8 12. Ng5 Qh5 13. Qxh5 Nxh5 14. Nxe6 Re8
15. Bxf5 Bc8 16. g4 Nf6 17. Ng5 Nxg4 18. Bxg4 1-0

[Event "Sparkassen-Open B"]
[Site "Heusenstamm, Martinsee"]
[Date "2018.11.25"]
[Round "6.15"]
[White "Wöhl, Torsten"]
[Black "Haas, Vanessa"]
[Result "1/2-1/2"]
[WhiteElo "1529"]
[BlackElo "1737"]
[PlyCount "55"]
[EventDate "2018.??.??"]
[WhiteTeam "SC Groß-Zimmern"]
[BlackTeam "SC FK Babenhausen"]

1. d4 d5 2. Bf4 e6 3. Nd2 c5 4. e3 cxd4 5. exd4 Nc6 6. c3 Bd6 7. Bg3 a6 8. Bd3
h5 9. Ngf3 b5 10. Ne5 Nxe5 11. dxe5 Bc5 12. Nb3 Bb6 13. Nd4 h4 14. Bf4 g5 15.
Be3 Qc7 16. f4 gxf4 17. Bxf4 Ne7 18. Qf3 Bb7 19. O-O b4 20. Kh1 bxc3 21. bxc3
Nc6 22. Nxc6 Bxc6 23. Bg5 d4 24. Qf6 Rf8 25. Rab1 Qb7 26. Rf2 dxc3 27. Rxb6
Bxg2+ 28. Rxg2 1/2-1/2

[Event "Sparkassen-Open B"]
[Site "Heusenstamm, Martinsee"]
[Date "2018.11.25"]
[Round "6.16"]
[White "Gräf, Jakob"]
[Black "Michels, Fabio"]
[Result "0-1"]
[WhiteElo "1520"]
[BlackElo "1727"]
[PlyCount "108"]
[EventDate "2018.??.??"]
[WhiteTeam "SV Frankfurt Nord"]
[BlackTeam "SG Mörsdorf-Lahr"]

1. e4 c5 2. c3 d5 3. e5 g6 4. d4 cxd4 5. cxd4 Bg7 6. Nf3 Nc6 7. Nc3 a6 8. h3 e6
9. Be2 Nge7 10. Bg5 h6 11. Bxe7 Qxe7 12. a3 O-O 13. O-O f6 14. exf6 Qxf6 15.
Bd3 Nxd4 16. Nxd4 Qxd4 17. Bxg6 Qf6 18. Bc2 b5 19. Bb3 Bb7 20. Qg4 Rae8 21. Bc2
Rc8 22. Bb3 Bc6 23. Rae1 Rce8 24. f3 a5 25. Re2 b4 26. axb4 axb4 27. Rfe1 bxc3
28. Rxe6 Qd4+ 29. Kh1 Qxg4 30. hxg4 cxb2 31. Bxd5 Bxd5 32. Rxe8 Rxe8 33. Rxe8+
Kf7 34. Rb8 Ba2 35. Rb7+ Ke6 36. Rb6+ Kd5 37. Kh2 b1=Q 38. Rxb1 Bxb1 39. Kh3
Ke5 40. g3 Bf6 41. Kg2 Bg5 42. f4+ Bxf4 43. gxf4+ Kxf4 44. Kh3 Kg5 45. Kg3 Be4
46. Kh3 Bf3 47. Kg3 Bxg4 48. Kh2 h5 49. Kg3 h4+ 50. Kh2 Be6 51. Kg2 Kg4 52. Kh2
h3 53. Kh1 Kg3 54. Kg1 h2+ 0-1

[Event "Sparkassen-Open B"]
[Site "Heusenstamm, Martinsee"]
[Date "2018.11.25"]
[Round "6.17"]
[White "Ilievski, Kosto"]
[Black "Chambers, Dominik Keith"]
[Result "0-1"]
[WhiteElo "1387"]
[BlackElo "1715"]
[PlyCount "35"]
[EventDate "2018.??.??"]
[WhiteTeam "SC Groß-Zimmern"]
[BlackTeam "SC Lorsch"]

1. d4 Nf6 2. c4 g6 3. Nc3 Bg7 4. Nf3 O-O 5. Bg5 d6 6. Bxf6 Bxf6 7. e3 Nc6 8.
Be2 e5 9. d5 Ne7 10. Nd2 Bg7 11. f3 f5 12. O-O Bh6 13. f4 Bd7 14. g3 Nc8 15. b4
Qe7 16. b5 exf4 17. exf4 Qe3+ 18. Kg2 0-1

[Event "Sparkassen-Open B"]
[Site "Heusenstamm, Martinsee"]
[Date "2018.11.25"]
[Round "6.18"]
[White "Leichum, Engelbert"]
[Black "Gnandt, Michael"]
[Result "0-1"]
[WhiteElo "1700"]
[BlackElo "1316"]
[PlyCount "68"]
[EventDate "2018.??.??"]
[WhiteTeam "vereinslos"]
[BlackTeam "SV Steinhausen"]

1. e4 e5 2. d4 exd4 3. c3 Ne7 4. cxd4 g6 5. Nf3 Bg7 6. Bc4 O-O 7. O-O d6 8. Ng5
h6 9. Nf3 Nbc6 10. a3 Na5 11. Ba2 Be6 12. d5 Bg4 13. b4 Bxa1 14. Bxh6 Bg7 15.
Bg5 Be5 16. h3 Bxf3 17. Qxf3 Kg7 18. Nd2 Rh8 19. bxa5 Qd7 20. Qg4 Ng8 21. f4
Bf6 22. f5 Bxg5 23. Qxg5 Qd8 24. Qe3 Qe7 25. Rf3 Rh6 26. Bb1 a6 27. Nf1 Re8 28.
Ng3 Rf8 29. Rf4 Qg5 30. Qf2 Rh4 31. Rf3 Nf6 32. fxg6 fxg6 33. Bc2 Qc1+ 34. Kh2
Ng4# 0-1

[Event "Sparkassen-Open B"]
[Site "Heusenstamm, Martinsee"]
[Date "2018.11.25"]
[Round "6.19"]
[White "Gude, Michael"]
[Black "Schulze, Tim"]
[Result "1-0"]
[WhiteElo "1666"]
[BlackElo "1228"]
[PlyCount "121"]
[EventDate "2018.??.??"]
[WhiteTeam "SF Fürth"]
[BlackTeam "SC Lüneburg"]

1. e4 c5 2. c3 d5 3. exd5 Qxd5 4. Nf3 Bg4 5. Be2 Nf6 6. O-O Nc6 7. Na3 e6 8.
Nc2 Be7 9. Ne3 Qd6 10. Qa4 Bh5 11. Nc4 Qc7 12. Nce5 O-O 13. Nxc6 bxc6 14. d3
Nd5 15. Rd1 Rfd8 16. g3 Nb6 17. Qf4 Bd6 18. Qg5 Bg6 19. b3 h6 20. Qg4 Bf5 21.
Qh4 Be7 22. Qf4 Bd6 23. Qe3 Nd5 24. Qd2 a5 25. Bb2 a4 26. c4 Ne7 27. Qc3 f6 28.
d4 axb3 29. axb3 Rxa1 30. Rxa1 Bg4 31. dxc5 Bxc5 32. Rd1 Rxd1+ 33. Bxd1 Qd6 34.
Be2 Nf5 35. Kg2 Nd4 36. Nxd4 Bxd4 37. Qd3 Bxe2 38. Qxe2 Bxb2 39. Qxb2 Kf7 40.
b4 Qd3 41. Qa2 Qe4+ 42. f3 Qd3 43. c5 g5 44. g4 Ke7 45. Qa7+ Qd7 46. Qxd7+ Kxd7
47. Kf2 f5 48. Ke3 fxg4 49. fxg4 e5 50. Ke4 Ke6 51. h3 Kf6 52. Kd3 Ke6 53. Kc4
Kd7 54. b5 cxb5+ 55. Kxb5 e4 56. Kc4 e3 57. Kd3 e2 58. Kxe2 Kc6 59. Ke3 Kxc5
60. Ke4 Kd6 61. Kf5 1-0